| 000 | 00608nam a2200193Ia 4500 | ||
|---|---|---|---|
| 003 | GCL | ||
| 008 | 140319s9999 xx 000 0 eng d | ||
| 020 | _a0385244320 | ||
| 040 |
_aGCL / _cGCL |
||
| 082 | 0 | 4 |
_a973 _bG O |
| 100 | 1 | _aGARRATY, JOHN ARTHUR | |
| 245 | 1 | 0 |
_a1,001 THINGS EVERYONE SHOULD KNOW ABOUT AMERICAN HISTORY / _cGARRATY, JOHN ARTHUR |
| 260 |
_aنيويورك : _bDOUBLE DAY ، _c1989 |
||
| 300 |
_aVIII,207 P _bILL. ؛ _c25 cm. |
||
| 650 | 0 | 4 | _aUNITED STATES - POLICY AND GOVERNMENT |
| 650 | 0 | 4 | _aUNITED STATES - HISTORY - MISCELLANEA |
| 650 | 0 | 4 | _aAMERICANS - BIOGRAPHY |
| 942 |
_2ddc _cBK |
||
| 999 |
_c6839 _d6839 |
||